| 000 | 00459nam a22001697a 4500 | ||
|---|---|---|---|
| 003 | NUST - PNEC | ||
| 005 | 20170116181149.0 | ||
| 008 | 151016b xxu||||| |||| 00| 0 eng d | ||
| 020 | _a- | ||
| 040 | _cLIBRARY | ||
| 082 | _a621.81505 CAS | ||
| 100 |
_915257 _aCastle, Frank |
||
| 245 |
_aA manual of machine design and strength of materials _cFrank Castle |
||
| 260 |
_aNew York: _c1968 |
||
| 651 |
_915258 _aMechanical engineering _xME |
||
| 942 |
_2ddc _cBK |
||
| 999 |
_c70865 _d70865 |
||